Normal view
MARC view
Entry Topical Term
001 - CONTROL NUMBER
- control field: 13338
003 - CONTROL NUMBER IDENTIFIER
- control field: HDC
005 - DATE AND TIME OF LATEST TRANSACTION
- control field: 20230624073414.0
008 - FIXED-LENGTH DATA ELEMENTS
- fixed length control field: 210210|| aca||aabn | a|a d
040 ## - CATALOGING SOURCE
- Original cataloging agency: HDC
- Transcribing agency: HDC
150 ## - HEADING--TOPICAL TERM
- Topical term or geographic name entry element: Broiler
670 ## - SOURCE DATA FOUND
- Source citation: Work cat.: (HDC): Shanmugavelu Sithambaram, author 13337, Effect of misting on the performance of male broilers in an enclosed environment /, 2000
